LEADER 01639nam a2200277 i 4500 001 000000025340 003 CaOOAMICUS 005 20180830125446.0 008 180830s1836 it u000 u ita u 040 $aSeMil$bita 245 10$aDeutsch-Italienisches und Italienisch-Deutsches Handwörterbuch =$bNuovo dizionario portatile italiano-tedesco e tedesco-italiano ... /$cvon Dr. F. Francesco Valentini ; mit Verbesserungen un Zusätzen von Franz Lanziger und Wilhelm Treves. 246 01$aNuovo dizionario portatile italiano-tedesco e tedesco-italiano ... 260 $aMailand :$bGedruckt und im Verlag bei Pirotta e C.,$c1836. 300 $a2 v. ;$c21 cm. 500 $aI due volumi sono stati rilegati in 4 tomi. 650 4$aLingua tedesca - Dizionari - Ed. ante 1900.$0(OLS)http://semarc/subject/4006 700 1 $aValentini, Francesco .$0(OLS)http://semarc/name/11221 700 1 $aTreves, Wilhelm.$0(OLS)http://semarc/name/11223 700 1 $aLanziger, Franz.$0(OLS)http://semarc/name/11222 774 0 $tDeutsch-Italienisch [Parte 1].$g1$w()103567 774 0 $tDeutsch-Italienisch [Parte 2].$g1$w()205313 774 0 $tItaliano-tedesco [Parte 1].$g2$w()205314 774 0 $tItaliano-tedesco [Parte 2].$g2$w()205322 996 $6245$aDeutsch-Italienisches und Italienisch-Deutsches Handwörterbuch =$bNuovo dizionario portatile italiano-tedesco e tedesco-italiano ...$9(OLS)http://semarc/title/34131 996 $6246$aNuovo dizionario portatile italiano-tedesco e tedesco-italiano ...$9(OLS)http://semarc/title/34132 996 $6260$aMailand :$bGedruckt und im Verlag bei Pirotta e C.$9(OLS)http://semarc/publisher/36438